NANCY DREW - THE STOLEN RELIC (Record no. 7865)
[ view plain ]
| 000 -LEADER | |
|---|---|
| fixed length control field | 00938nam a22001457a 4500 |
| 020 ## - INTERNATIONAL STANDARD BOOK NUMBER | |
| ISBN | 978-0-689-86843-6 |
| 082 ## - DEWEY DECIMAL CLASSIFICATION NUMBER | |
| Classification number | 823 |
| Item number | KEE/N |
| 100 ## - MAIN ENTRY--AUTHOR NAME | |
| Personal name | KEENE, CAROLYN |
| 245 ## - TITLE STATEMENT | |
| Title | NANCY DREW - THE STOLEN RELIC |
| 260 ## - PUBLICATION, DISTRIBUTION, ETC. (IMPRINT) | |
| Place of publication | NEW YORK |
| Name of publisher | ALADDIN PAPERBACKS |
| Year of publication | 2004 |
| 300 ## - PHYSICAL DESCRIPTION | |
| Number of Pages | 148 |
| 520 ## - SUMMARY, ETC. | |
| Summary, etc | My friends and I knew before we got to Arches National Park that it's full of red cliffs arches, and rock formations -- plenty of places for hiking, biking, and getting lost. It's a good thing there are park rangers and guides to help tourist like us find our way. Or at east that's what we thought, until of the guilds left for a second to investigate some noise, and never came back.<br/>It seems unlikely that a respected tour guide who knows the area like the back of her hand could just get lose. Something's fishy. And you can bet I'm going to get to the bottom of this before I find my way home. |
| 650 ## - SUBJECT ADDED ENTRY--TOPICAL TERM | |
| Topical Term | DETECTIVE |
| Geographic subdivision | UNITED STATES |
| 942 ## - ADDED ENTRY ELEMENTS (KOHA) | |
| Koha item type | Books |
| Withdrawn status | Lost status | Collection code | Home library | Current library | Shelving location | Date acquired | Source of acquisition | Cost, normal purchase price | Full call number | Accession Number | Koha item type |
|---|---|---|---|---|---|---|---|---|---|---|---|
| Fiction | Main Library | Main Library | NEW SHELF WITH NEW ENTRY | 20/11/2023 | purchase | 250.00 | 823 KEE/N | 13447 | Books |